El análisis de la coyuntura en el pensamiento socialisto clásico /

Αποθηκεύτηκε σε:
Λεπτομέρειες βιβλιογραφικής εγγραφής
Κύριος συγγραφέας: López J, Sinesio
Μορφή: Κείμενο
Θέματα:
Ετικέτες: Προσθήκη ετικέτας
Δεν υπάρχουν, Καταχωρήστε ετικέτα πρώτοι!

MARC

LEADER 00000 a a2200000 04500
001 44250
003
040
100 |a López J, Sinesio  
245 |a El análisis de la coyuntura en el pensamiento socialisto clásico /  |c Sinesio López J  
650 |a INVESTIGACION SOCIAL  
650 |a IDEOLOGIAS  
650 |a DOCTRINAS POLITICAS  
773 |g volumen41, número1 ( , 1979), Páginas 23-58  
999 |c 32444  |d 32444